Catálogo

Retórica cristiana / (Registro nro. 50760)

Detalles MARC
000 -LEADER
fixed length control field 01613cam a2200385 i 4500
001 - CONTROL NUMBER
control field 50760
003 - CONTROL NUMBER IDENTIFIER
control field Mx-PuUPA
005 - DATE AND TIME OF LATEST TRANSACTION
control field 20221117141652.0
008 - FIXED-LENGTH DATA ELEMENTS--GENERAL INFORMATION
fixed length control field 140415s2003 mx ah gr 000 0 spa d
020 ## - INTERNATIONAL STANDARD BOOK NUMBER
International Standard Book Number 9681652495
040 ## - CATALOGING SOURCE
Original cataloging agency MX-PuUPA
Language of cataloging spa
Description conventions rda
Transcribing agency Mx-PuUPA
Modifying agency Mx-PuUPA
041 1# - LANGUAGE CODE
Language code of text/sound track or separate title spa
-- lat
100 1# - MAIN ENTRY--PERSONAL NAME
Personal name Valadés, Diego,
Titles and words associated with a name Fray,
Dates associated with a name 1533-1582,
Relator term autor
9 (RLIN) 6458
240 10 - UNIFORM TITLE
Uniform title Rhetorica christiana.
Language of a work Español
245 10 - TITLE STATEMENT
Title Retórica cristiana /
Statement of responsibility, etc. Fray Diego Valadés ; introducción de Esteban J. Palomera ; advertencia de Alfonso Castro Pallares ; preámbulo y traducción de Tarsicio Herrera Zapién
250 ## - EDITION STATEMENT
Edition statement Segunda edición
264 #1 - PRODUCTION, PUBLICATION, DISTRIBUTION, MANUFACTURE, AND COPYRIGHT NOTICE
Place of production, publication, distribution, manufacture México, D.F. :
Name of producer, publisher, distributor, manufacturer Fondo de Cultura Económica,
Date of production, publication, distribution, manufacture, or copyright notice 2003
300 ## - PHYSICAL DESCRIPTION
Extent lxv, 834 páginas, 1 hoja plegada sin numerar :
Other physical details ilustraciones, facsímiles ;
Dimensions 29 cm.
336 ## - CONTENT TYPE
Content type term texto
Fuente rdacontent
Content type code txt
337 ## - MEDIA TYPE
Media type term sin medio
Source rdamedia
Media type code n
338 ## - CARRIER TYPE
Carrier type term volumen
Source rdacarrier
Carrier type code nc
490 1# - SERIES STATEMENT
Series statement Biblioteca americana (Fondo de Cultura Económica (México)
546 ## - LANGUAGE NOTE
Language note Texto en latín y español.
650 #7 - SUBJECT ADDED ENTRY--TOPICAL TERM
Topical term or geographic name entry element Predicación
Source of heading or term armarc
650 #4 - SUBJECT ADDED ENTRY--TOPICAL TERM
Topical term or geographic name entry element Retórica
Source of heading or term armarc
700 1# - ADDED ENTRY--PERSONAL NAME
Personal name Palomera, Esteban J.,
Relator term autor de introducción
700 1# - ADDED ENTRY--PERSONAL NAME
Personal name Castro Pallares, Alfonso,
Relator term autor de advertencia
700 1# - ADDED ENTRY--PERSONAL NAME
Personal name Herrera Zapién, Tarsicio,
Relator term autor de preámbulo
-- traductor
700 1# - ADDED ENTRY--PERSONAL NAME
Relationship information Traducción de:
Personal name Valadés, Diego,
Titles and other words associated with a name Fray,
Dates associated with a name 1533-1582.
Title of a work Rhetorica christiana.
830 #0 - SERIES ADDED ENTRY--UNIFORM TITLE
9 (RLIN) 11751
Uniform title Biblioteca americana (Fondo de Cultura Económica (México))
942 ## - ADDED ENTRY ELEMENTS (KOHA)
Source of classification or shelving scheme Dewey Decimal Classification
Koha item type Libro
Classification part 251
Item part V135
Existencias
Withdrawn status Lost status Source of classification or shelving scheme Damaged status Not for loan Collection code Home library Current library Shelving location Date acquired Source of acquisition Full call number Barcode Date last seen Price effective from Koha item type
    Dewey Decimal Classification     Referencia Biblioteca Karol Wojtyla Biblioteca Karol Wojtyla Área de silencio 03/12/2013 Compra 251 V135 2003 75792 05/01/2026 25/01/2018 Libro R